Digital signal processing system level design using LabView / (Record no. 188541)
[ view plain ]
| 000 -LEADER | |
|---|---|
| fixed length control field | 01069 a2200193 4500 |
| 003 - CONTROL NUMBER IDENTIFIER | |
| control field | Nust |
| 005 - DATE AND TIME OF LATEST TRANSACTION | |
| control field | 20221213095235.0 |
| 020 ## - INTERNATIONAL STANDARD BOOK NUMBER | |
| International Standard Book Number | 075067914X |
| 040 ## - CATALOGING SOURCE | |
| Transcribing agency | Nust |
| 082 ## - DEWEY DECIMAL CLASSIFICATION NUMBER | |
| Classification number | 621.3822,KEH |
| 100 ## - MAIN ENTRY--PERSONAL NAME | |
| Personal name | Kehtarnavaz, Nasser |
| 9 (RLIN) | 104696 |
| 245 ## - TITLE STATEMENT | |
| Title | Digital signal processing system level design using LabView / |
| Statement of responsibility, etc. | Nasser Kehtarnavaz and Namjin Kim |
| 260 ## - PUBLICATION, DISTRIBUTION, ETC. | |
| Name of publisher, distributor, etc. | Newnes |
| Date of publication, distribution, etc. | 2005 |
| Place of publication, distribution, etc. | Boston |
| 300 ## - PHYSICAL DESCRIPTION | |
| Extent | 304 p. |
| 505 ## - FORMATTED CONTENTS NOTE | |
| Formatted contents note | Introduction (Page-1), Lab view Programming Environment (Page-5), Analog-to-Digital Signal Conversion (Page-43), Digital Filtering(Page-73), Fixed-Point Versus Floating-Point (Page-95), Adaptive Filtering(Page-123), Frequency Domain Processing (Page-139), DSP Implementation Platform : TMS320C6x Architecture and Software Tools (Page-157), Lab view DSP Integration (Page-183), DSP System Design : Dual-Tone Multi-Frequency (DTMF) Signaling (Page-221), DSP System Design : Software-Defined Radio (Page-231), DSP System Design : MP3 Player (Page-253). |
| 650 ## - SUBJECT ADDED ENTRY--TOPICAL TERM | |
| Topical term or geographic name entry element | Telecommunication Engineering |
| 700 ## - ADDED ENTRY--PERSONAL NAME | |
| Personal name | Kim, Namjin |
| 9 (RLIN) | 104697 |
| 942 ## - ADDED ENTRY ELEMENTS (KOHA) | |
| Source of classification or shelving scheme | |
| Koha item type | Book |
| Withdrawn status | Lost status | Source of classification or shelving scheme | Damaged status | Not for loan | Permanent Location | Current Location | Shelving location | Date acquired | Full call number | Barcode | Date last seen | Price effective from | Koha item type | Public note |
|---|---|---|---|---|---|---|---|---|---|---|---|---|---|---|
| Military College of Signals (MCS) | Military College of Signals (MCS) | General Stacks | 12/12/2016 | 621.3822,KEH | MCS32437 | 12/08/2016 | 12/12/2016 | Book | Almirah No.36, Shelf No.4 |
